Masochism in modern man / (Record no. 29746)
[ view plain ]
| 000 -LEADER | |
|---|---|
| fixed length control field | 00849nam a22002771 4500 |
| 001 - CONTROL NUMBER | |
| control field | 29746 |
| 003 - CONTROL NUMBER IDENTIFIER | |
| rucl marc code | BD-RjUL |
| 005 - DATE AND TIME OF LATEST TRANSACTION | |
| control field | 20211209051443.0 |
| 008 - FIXED-LENGTH DATA ELEMENTS--GENERAL INFORMATION | |
| fixed length control field | 140407s1941 nyu 001 0 eng |
| 035 ## - SYSTEM CONTROL NUMBER | |
| System control number | (BD-RjUL)29831 |
| System control number | (OCoLC)2976725 |
| 040 ## - CATALOGING SOURCE | |
| Original cataloging agency | DLC |
| Transcribing agency | MiDW |
| Modifying agency | NBSU-M |
| -- | OCoLC |
| -- | DLC |
| -- | BD-RjUL |
| Language of cataloging | eng |
| 041 ## - LANGUAGE CODE | |
| Language code of text/sound track or separate title | eng |
| 082 ## - DEWEY DECIMAL CLASSIFICATION NUMBER | |
| Classification number | 132.7544 |
| Author mark and year | REM 1941 |
| 100 1# - MAIN ENTRY--PERSONAL NAME | |
| Personal name | Reik, Theodor, |
| Dates associated with a name | 1888-1969. |
| 9 (RLIN) | 89905 |
| 245 10 - TITLE STATEMENT | |
| Title | Masochism in modern man / |
| Statement of responsibility, etc. | tr. by Margaret H. Beigel and Gertrud M. Kurth. |
| 260 ## - PUBLICATION, DISTRIBUTION, ETC. (IMPRINT) | |
| Place of publication, distribution, etc. | New York : |
| Name of publisher, distributor, etc. | Farrar, Straus, |
| Date of publication, distribution, etc. | c1941. |
| 300 ## - PHYSICAL DESCRIPTION | |
| Pagination | vi, 439 p. ; |
| Size | 24 cm. |
| 500 ## - GENERAL NOTE | |
| General note | Translation of Aus Leiden Freuden. |
| 504 ## - BIBLIOGRAPHY, ETC. NOTE | |
| Bibliography, etc | Includes index. |
| 650 #0 - SUBJECT ADDED ENTRY--TOPICAL TERM | |
| Topical term or geographic name as entry element | Masochism. |
| 9 (RLIN) | 35045 |
| 700 1# - ADDED ENTRY--PERSONAL NAME | |
| Personal name | Beigel, Margaret Hildegard (Ujhely) |
| Dates associated with a name | 1903- |
| Relator term | tr. |
| 942 ## - ADDED ENTRY ELEMENTS (KOHA) | |
| Source of classification or shelving scheme | Dewey Decimal Classification |
| Koha item type | Books |
| Lost status | Source of classification or shelving scheme | Damaged status | Not for loan | Collection code | Permanent Location | Current Location | Shelving location | Date acquired | Source of acquisition | Cost, normal purchase price | Total Checkouts | Full call number | Date last seen | Copy number | Koha item type |
|---|---|---|---|---|---|---|---|---|---|---|---|---|---|---|---|
| Dewey Decimal Classification | Added to bundle | Non-fiction | Central Library, University of Rajshahi | Central Library, University of Rajshahi | Reading Room | 10/09/1955 | B. H. Blackwell | 2.50 | 132.7544 REM 1941 | 07/04/2014 | C-1 | Books |